Missing Word: Movies Based on Books Quiz Stats

 Plays Quiz Updated Apr 4, 2013

     
Support Sporcle.
Go Orange.
Score 0/18 Timer 02:00
0 Plays Today
Movie Based on Book Missing Word % Correct
_______ of the ApesPlanet
96.8%
The Silence of the _______Lambs
96.2%
Bridget Jones's _______Diary
93.5%
The _______ GamesHunger
93.1%
No Country for ______ MenOld
92.1%
The _______ of the MohicansLast
90.5%
Wuthering ________Heights
89.7%
_______ of EndearmentTerms
88.6%
The ______ UltimatumBourne
88.3%
Movie Based on Book Missing Word % Correct
Lord of the ______Flies
86.7%
______ Night LightsFriday
82%
The Postman Always Rings ______Twice
80.4%
The Lord of the Rings: The ________ of the RingFellowship
75.3%
Fast Times at ______ HighRidgemont
72.4%
Master and ________: The Far Side of the WorldCommander
65.5%
The ______ SideBlind
65%
Quiz ______Show
53.1%
The _______ of NIMHSecret
41.4%

Today's Daily Dose

Get the Picture
Alien TV Shows

From the Vault

Amazon Movie Reviews X

by sheylamarie

Movies 8m
Alexa, post the following review: "It stinks!"
Remove Ads.
Support Sporcle.
Get the best of Sporcle when you Go Orange. This ad-free experience offers more features, more stats, and more fun while also helping to support Sporcle. Thank you for becoming a member.

Show Comments

Extras

Top Quizzes Today


Score Distribution

Your Account Isn't Verified!

In order to create a playlist on Sporcle, you need to verify the email address you used during registration. Go to your Sporcle Settings to finish the process.

Report this User

Report this user for behavior that violates our Community Guidelines.

Details: